| 000 | 00478nam a2200169Ia 4500 | ||
|---|---|---|---|
| 999 |
_c28742 _d28742 |
||
| 003 | OSt | ||
| 005 | 20210104120943.0 | ||
| 008 | 190216s9999||||xx |||||||||||||| ||und|| | ||
| 040 | _coclc | ||
| 082 |
_a894.8121 _bAYY/P |
||
| 100 |
_aAyyappan, A _97471 |
||
| 245 | 0 |
_aPanikku Marunnu Pachavellam / _cA Ayyappan |
|
| 260 |
_bHaritham Books, _aKozhikode: _c2007. |
||
| 300 | _a82p | ||
| 650 | _aKavitha | ||
| 942 |
_cBK _2ddc _h894.8121 _iAYY/P _k894.8121 _mAYY/P |
||